000 00751nam a2200229Ia 4500
003 OSt
005 20230926095341.0
008 210716s2011 xx 000 0 und d
020 _a9788126531097
040 _cAIMIT LIBRARY
041 _aeng
082 _a005.44
_21
_bNEGC
100 _aNegus, Christopher.
_948375
245 _aFedora bible 2011 edition :
_bfeaturing fedora linux 14 /
_cBy Christopher Negus and Eric Foster Johnson.
250 _a1st ed.
260 _aNew Delhi :
_bWiley India Pvt Ltd ,
_c2011 .
300 _axxxix, 841p. ;
_bPB
_c23.5 cm.
650 _aFedora network and server setup
_948376
650 _aSetting up virtual servers
_948377
700 _aFoster Johnson, Eric.
_948378
942 _2ddc
_cBK
_e1st
_k005.44 NEGC
999 _c191593
_d191593